000
00355nam a2200157Ia 4500
100
_a
Kai/ Lai/ Chung
250
_a
3
942
_c
BK
654
_a
mathematics
245
_a
Elementary Probability Theory with Stochastic Processes
260
_b
Narosa book
_c
1974
082
_a
658.4034
_b
CHU
300
_a
325
546
_a
ENGLISH
999
_c
28649
_d
28649